Hōritsu yori mitaru Nihon bungaku / (Record no. 34877)
[ view plain ]
| 000 -LEADER | |
|---|---|
| fixed length control field | 01231cam a2200289 a 4500 |
| 001 - CONTROL NUMBER | |
| control field | j 58006602 |
| 003 - CONTROL NUMBER IDENTIFIER | |
| control field | DLC |
| 005 - DATE AND TIME OF LATEST TRANSACTION | |
| control field | 20260227111518.0 |
| 008 - FIXED-LENGTH DATA ELEMENTS--GENERAL INFORMATION | |
| fixed length control field | 990528s1934 ja a 000 0 jpn |
| 010 ## - LIBRARY OF CONGRESS CONTROL NUMBER | |
| LC control number | j 58006602 |
| 035 ## - SYSTEM CONTROL NUMBER | |
| System control number | (CStRLIN)DCLP99-B6446 |
| 040 ## - CATALOGING SOURCE | |
| Original cataloging agency | DLC-R |
| Transcribing agency | DLC-R |
| Modifying agency | DLC-R |
| -- | DLC |
| 043 ## - GEOGRAPHIC AREA CODE | |
| Geographic area code | a-ja--- |
| 050 00 - LIBRARY OF CONGRESS CALL NUMBER | |
| Classification number | Law |
| 066 ## - CHARACTER SETS PRESENT | |
| Alternate G0 or G1 character set | $1 |
| 100 1# - MAIN ENTRY--PERSONAL NAME | |
| Linkage | 880-01 |
| Personal name | Katsumoto, Masaakira, |
| Dates associated with a name | 1895-1993. |
| 245 10 - TITLE STATEMENT | |
| Linkage | 880-02 |
| Title | Hōritsu yori mitaru Nihon bungaku / |
| Statement of responsibility, etc. | Katsumoto Masaakira cho. |
| 260 ## - PUBLICATION, DISTRIBUTION, ETC. | |
| Linkage | 880-03 |
| Place of publication, distribution, etc. | Tōkyō : |
| Name of publisher, distributor, etc. | Ganshōdō, |
| Date of publication, distribution, etc. | Shōwa 9 [1934] |
| 300 ## - PHYSICAL DESCRIPTION | |
| Extent | 278 p. : |
| Other physical details | ill. ; |
| Dimensions | 20 cm. |
| 505 0# - FORMATTED CONTENTS NOTE | |
| Formatted contents note | Hōritsu yori mitaru Nihon bungaku -- Shōzō o nusumu -- Bijutsu oyobi bijutsuka no hōritsuteki hogo -- Tetsu no shojo -- Mimoto hoshō ni kansuru hōritsu no tekiyō -- Hōritsu kara mita shō no ichimen -- Seigi no kakaku -- Rōma Daigaku no ichinichi -- Heika kirisage to saiken saimu kankei. |
| 650 #0 - SUBJECT ADDED ENTRY--TOPICAL TERM | |
| Topical term or geographic name entry element | Law |
| Geographic subdivision | Japan |
| General subdivision | History. |
| 650 #0 - SUBJECT ADDED ENTRY--TOPICAL TERM | |
| Topical term or geographic name entry element | Law |
| Geographic subdivision | Europe |
| General subdivision | History. |
| 650 #0 - SUBJECT ADDED ENTRY--TOPICAL TERM | |
| Topical term or geographic name entry element | Law in literature |
| General subdivision | History. |
| 880 1# - ALTERNATE GRAPHIC REPRESENTATION | |
| Linkage | 100-01/$1 |
| a | 勝本正晃, |
| d | 1895-1993. |
| 880 10 - ALTERNATE GRAPHIC REPRESENTATION | |
| Linkage | 245-02/$1 |
| a | 法律より見たる日本文學 / |
| c | 勝本正晃著. |
| 880 ## - ALTERNATE GRAPHIC REPRESENTATION | |
| Linkage | 260-03/$1 |
| a | 東京 : |
| b | 巖松堂, |
| c | 昭和 9 [1934] |
No items available.